EC investigates auction house cartel (Record no. 70226)

MARC details
000 -LEADER
fixed length control field 00896cam a2200217 4500
001 - CONTROL NUMBER
control field WB3817-02
008 - FIXED-LENGTH DATA ELEMENTS--GENERAL INFORMATION
fixed length control field 020509n2002 000 0 eng u
035 ## - SYSTEM CONTROL NUMBER
System control number (Sirsi) u117909
245 ## - TITLE STATEMENT
Title EC investigates auction house cartel
260 ## - PUBLICATION, DISTRIBUTION, ETC.
Date of publication, distribution, etc. 2002
490 ## - SERIES STATEMENT
Series statement RICS Brussels Briefing
Volume/sequential designation 29 April 2002, (1)
520 ## - SUMMARY, ETC.
Summary, etc. Christie's and Sotheby's have been sent notification that the European Commission considers they have been operating a cartel. This is the first step in EU antitrust proceedings. The two companies have six weeks to reply in writing to the Commissionαs allegations. http://www.rics.org/ricscms/bin/show?class=Brief&template=/includes/showbrief.html&id=344
590 ## - LOCAL NOTE (RLIN)
Local note WB
650 ## - SUBJECT ADDED ENTRY--TOPICAL TERM
Topical term or geographic name entry element AUCTION HOUSES
650 ## - SUBJECT ADDED ENTRY--TOPICAL TERM
Topical term or geographic name entry element CARTELS
650 ## - SUBJECT ADDED ENTRY--TOPICAL TERM
Topical term or geographic name entry element EUROPEAN COMMISSION
650 ## - SUBJECT ADDED ENTRY--TOPICAL TERM
Topical term or geographic name entry element COMPETITION RULES
650 ## - SUBJECT ADDED ENTRY--TOPICAL TERM
Topical term or geographic name entry element EUROPEAN UNION
690 ## - LOCAL SUBJECT ADDED ENTRY--TOPICAL TERM (OCLC, RLIN)
Topical term or geographic name as entry element Auctioneering
9 (RLIN) 6218
942 ## - ADDED ENTRY ELEMENTS (KOHA)
Suppress in OPAC 0
Holdings
Withdrawn status Lost status Source of classification or shelving scheme Damaged status Not for loan Home library Current library Shelving location Date acquired Total Checkouts Full call number Barcode Date last seen Copy number Price effective from Koha item type
    Dewey Decimal Classification     London London News article 09/05/2002   WB3817-02 117909-1001 06/08/2019 1 06/08/2019 News article